| 000 | 01030nas a2200277 4500 | ||
|---|---|---|---|
| 001 | BR0705109 | ||
| 003 | BR-BrBNA | ||
| 005 | 20231205111140.0 | ||
| 007 | ta | ||
| 008 | 230509b bl.|||p| |||| 00| 00por d | ||
| 040 |
_aBR-BrBNA _bpor _cBiblioteca Nacional de Agricultura |
||
| 041 | _a(Pt) | ||
| 072 | _aL70; L73 | ||
| 100 | 1 | _aCortes, V.A. de | |
| 100 | 1 | _aIto, F.H. | |
| 100 | 1 | _aVasconcellos, S.A. | |
| 100 | 1 | _aCortes, J.A. de | |
| 245 | 1 | _aDemonstração da presença de antígeno rábico nas glândulas salivares submaxilares e parotidas de cães naturalmente infectados.Emprego da reação de imunofluorescência direta em impressões de tecido glandular semi-macerado | |
| 650 | _aCÃO | ||
| 650 | _aRAIVA | ||
| 650 | _aGLÂNDULA SALIVAR | ||
| 650 | _aDIAGNÓSTICO | ||
| 773 | 0 |
_tRevista da Faculdade de Medicina Veterinária e Zootecnia da Universidade de São Paulo (Brazil) _xISSN 0303-7525 _g(1987), v. 24(2) p. 181-186 _wBR0705109 |
|
| 909 |
_a202311 _bLúcia _c55 _dLúcia Elande |
||
| 942 |
_2AGRIS _n0 _cANA |
||
| 999 |
_c190956 _d190956 |
||